[Event "Canadian op 48th U2000"]
[Site "Toronto"]
[Date "2011.07.10"]
[Round "2"]
[White "Palmer, Jordan"]
[Black "O'Sullivan, Patrick"]
[Result "1/2-1/2"]
[WhiteElo "1947"]
[BlackElo "1758"]
[PlyCount "39"]
[EventDate "2011.07.09"]
[EventType "swiss"]
[EventRounds "9"]
[EventCountry "CAN"]
[SourceTitle "EXT 2022"]
[Source "ChessBase"]
[SourceDate "2021.10.06"]
[SourceVersion "1"]
[SourceVersionDate "2021.10.06"]
[SourceQuality "1"]

1. e4 c6 2. d4 d5 3. Nc3 dxe4 4. Nxe4 Bf5 5. Ng3 Bg6 6. Nf3 Nd7 7. Bd3 Bxd3 8. Qxd3 Qc7 9. 0-0 e6 10. Re1 Ngf6 11. c4 0-0-0 12. Be3 Bd6 13. Qc2 Bf4 14. Rad1 h6 15. Qa4 Kb8 16. b4 g5 17. b5 cxb5 18. Qxb5 Bxe3 19. fxe3 g4 20. Nd2 1/2-1/2

[Event "Canadian op 48th U2000"]
[Site "Toronto"]
[Date "2011.07.09"]
[Round "1"]
[White "O'Sullivan, Patrick"]
[Black "Sly, Douglas"]
[Result "1-0"]
[WhiteElo "1758"]
[BlackElo "1545"]
[PlyCount "35"]
[EventDate "2011.07.09"]
[EventType "swiss"]
[EventRounds "9"]
[EventCountry "CAN"]
[SourceTitle "EXT 2022"]
[Source "ChessBase"]
[SourceDate "2021.10.06"]
[SourceVersion "1"]
[SourceVersionDate "2021.10.06"]
[SourceQuality "1"]

1. e4 e6 2. d4 d5 3. Nc3 Be7 4. f4 dxe4 5. Nxe4 Nf6 6. Bd3 0-0 7. Nf3 c5 8. Nxc5 Bxc5 9. dxc5 Qa5+ 10. Bd2 Qxc5 11. Qe2 Nc6 12. 0-0-0 Re8 13. Bc3 Nd5 14. Bxh7+ Kf8 15. Rxd5 Qxd5 16. Ne5 Nxe5 17. Bb4+ Re7 18. Rd1 1-0